| 000 | 00336cam a22001217a 4500 | ||
|---|---|---|---|
| 008 | 180718b1957 xxu||||| |||| 00| 0 eng d | ||
| 082 | _aT253 D812 | ||
| 100 | _aDreher, Carl | ||
| 245 |
_aAutomation: what it is, how it works who can use it _cby Carl Dreher |
||
| 260 |
_aLondon _bGollancz _c1957 |
||
| 300 | _a128p. | ||
| 650 | _aAutomation | ||
| 999 |
_c364458 _d364458 |
||